| 000 | 00689nam a22002177a 4500 | ||
|---|---|---|---|
| 005 | 20151207160120.0 | ||
| 010 | _aENG-114281 | ||
| 020 |
_c795.00 _a9788180387340 |
||
| 035 | _aEN-97813 | ||
| 037 | _bDBAD/PUB | ||
| 082 | _a347.5409 | ||
| 100 | _aMarkanda, P.C. | ||
| 245 |
_aArbitration step by step / _cby P.C. Markanda, Naresh Markanda [and] Rajesh Markanda |
||
| 260 |
_aGurgaon _bLexisNexis _c2012 |
||
| 270 |
_a14th Floor, Building No.10, Tower-B, DLF Cyber City, Phase II _bGurgaon _e122002 |
||
| 300 |
_alxviii,455p. _c25cm(Hb) |
||
| 500 | _aIncludes index | ||
| 700 | _aMarkanda, Naresh | ||
| 700 | _aMarkanda, Rajesh | ||
| 942 |
_2ddc _cEN _mMAR _h347.5409 |
||
| 999 |
_c97755 _d97755 |
||